000
00416nam a2200169Ia 4500
008
090711s9999 xx 000 0 und d
082
_b
69775
100
_a
अदवंत म. ना.
245
_a
पैजण
260
_c
1992
300
_a
123
600
_a
अदवंत म. ना.
630
_a
पैजण
700
_a
अदवंत म. ना.
730
_a
पैजण
942
_c
BOOK
999
_c
311593
_d
311593